[Event "Frosinone op"]
[Site "Frosinone"]
[Date "1998.??.??"]
[Round "7"]
[White "Carella, Vincenzo"]
[Black "Cristofari, Mario"]
[Result "1-0"]
[WhiteElo "1453"]
[BlackElo "1746"]
[PlyCount "90"]
[EventDate "1998.??.??"]
[EventType "swiss"]
[EventRounds "8"]
[EventCountry "ITA"]
[SourceTitle "EXT 2024"]
[Source "ChessBase"]
[SourceDate "2023.10.10"]
[SourceVersion "1"]
[SourceVersionDate "2023.10.10"]
[SourceQuality "1"]

1. a3 d5 2. d4 Bf5 3. Nf3 Nf6 4. Nc3 h6 5. Bf4 Nh5 6. Bd2 e6 7. g3 Nd7 8. b4 Nhf6 9. Bg2 Nb6 10. 0-0 Nc4 11. Bf4 g5 12. Bc1 Be7 13. Re1 Qd7 14. Ne5 Nxe5 15. dxe5 Ng4 16. e4 dxe4 17. Qxd7+ Kxd7 18. Nxe4 Nxe5 19. Bb2 Bxe4 20. Bxe4 f6 21. Rad1+ Bd6 22. f4 gxf4 23. gxf4 Rhg8+ 24. Kh1 Ng4 25. Re2 h5 26. c4 Kc8 27. h3 Nh6 28. Bxf6 Bxf4 29. Bh7 Rf8 30. Rxe6 a5 31. b5 Kb8 32. c5 Nf7 33. c6 bxc6 34. bxc6 Nd6 35. Rb1+ Kc8 36. Bd3 Rg8 37. Rbe1 Kb8 38. Be7 Ka7 39. Bf6 Raf8 40. Bd4+ Ka8 41. Bc5 Rg3 42. Bf1 Rfg8 43. Re7 R3g7 44. Rxg7 Rxg7 45. Re6 Rg8 1-0